Normas de auditoria Gubernamental./ (Registro nro. 8428)

Detalles MARC
000 -LEADER
fixed length control field 01151nam a2200181Ia 4500
005 - FECHA Y HORA DE LA ÚLTIMA TRANSACCIÓN
control field 20250306164030.0
008 - FIXED-LENGTH DATA ELEMENTS--GENERAL INFORMATION
fixed length control field 230621s9999 xx 000 0 und d
040 ## - CATALOGING SOURCE
Original cataloging agency UPAN
Transcribing agency Biblioteca San Vicente
Description conventions RCAA2
041 ## - LANGUAGE CODE
Language code of text/sound track or separate title spa
082 ## - DEWEY DECIMAL CLASSIFICATION NUMBER
Classification number 352.43
Item number O353n
año de publicación 2004
110 ## - MAIN ENTRY--CORPORATE NAME
Corporate name or jurisdiction name as entry element Oficina de la contraloria General de los Estados Unidos.
Relator code ed.
245 #0 - TITLE STATEMENT
Title Normas de auditoria Gubernamental./
Statement of responsibility, etc Oficina de la contraloría General de los Estados Unidos.
260 ## - PUBLICATION, DISTRIBUTION, ETC. (IMPRINT)
Place of publication, distribution, etc El Salvador:
Name of publisher, distributor, etc USAID,
Date of publication, distribution, etc 2004
300 ## - PHYSICAL DESCRIPTION
Extent 239 p.;
Dimensions 21 cm.
505 ## - FORMATTED CONTENTS NOTE
Formatted contents note Normas de Autoritaria Gubernamental.<br/>Capitulo 1: Introducción.<br/>Capitulo 2: Tipos de auditorías gubernamentales y certificaciones.<br/>Capitulo 3: Normas generales.<br/>Capitulo 4: Normas de trabajo de campo para las auditorías financieras.<br/>Capitulo 5: Normas para los informes de auditoria financiera.<br/>Capitulo 6: Normas Generales de trabajo de campo y presentación de los informes de certificación.<br/>Capitulo 7: Normas de trabajo de campo en las auditorías de rendimiento.<br/>Capitulo 8: Normas para la presentación de informes de auditoría de rendimiento.
600 ## - SUBJECT ADDED ENTRY--PERSONAL NAME
Source of heading or term LEMB
Personal name Auditoria.
General subdivision Normas
942 ## - ADDED ENTRY ELEMENTS (KOHA)
Koha item type Libros
Source of classification or shelving scheme Dewey Decimal Classification
Existencias
Withdrawn status Lost status Source of classification or shelving scheme Damaged status Not for loan Collection code Home library Current library Date acquired Total Checkouts Full call number Barcode Date last seen Price effective from Koha item type
    Dewey Decimal Classification     Colección General Biblioteca UPAN San Vicente Biblioteca UPAN San Vicente 22/06/2023   352.43 O353n 12001136 22/06/2023 22/06/2023 Libros